000 00399nam a22001697a 4500
003 MPLRDC
005 20220104125505.0
008 210129b ||||| |||| 00| 0 eng d
082 _a857.621 FJ v.71
100 _a冯嘉
245 _a血印异人
_c
260 _a
_b金刚出版社
_c1995
300 _b
490 _a奇侠司马洛
650 _a冒险小说
942 _cBK
_o857.621 FJ v.71
999 _c27770
_d27760